000 00691cam a22002291 4500
001 sa 67006241
003 DLC
005 20260227112405.0
008 890822s1962 ii 000 0 hino
010 _asa 67006241
035 _a(OCoLC)20231546
040 _aDLC
_cWaU
_dNRU
_dDLC
042 _apremarc
050 0 0 _aPK2049
_b.M54
100 1 _aNirmala, Jyotiprasāda Miśra,
_d1903-
245 1 0 _aSāhitya-praveśa.
_cSaṅkalanakartā evaṃ sampādaka Jyotiprasāda Mishra 'Nirmala.'
250 _a[4. saṃskaraṇa]
260 _aPrayāga,
_bHindī Sāhitya Sammelana,
_cśaka 1884 [1962/63]
300 _a6, 218 p.
_c19 cm.
500 _aIn Hindi.
650 0 _aHindi literature.
999 _c75792
_d75792